Statistics for Airlines That Serve Quebec City (YQB)

Click here to take the quiz!

General Stats

  • This quiz has been taken 10 times
  • The average score is 2 of 8

Answer Stats

CountryAnswer% Correct
CanadaAir Transat
83%
CanadaAir Canada Rouge
50%
USAUnited Express
33%
CanadaAir Canada Express
17%
CanadaWestjet Encore
17%
CanadaAir Inuit
0%
CanadaPAL Airlines
0%
CanadaPascan Aviation
0%

Score Distribution

Percentile by Number Answered

Percent of People with Each Score

Your Score History

You have not taken this quiz